00767cam a2200241 i 450000100060000000300080000600500170001400800390003102000150007003500140008504000320009904100080013108200230013924500710016225000120023326000520024530000330029750000720033050400390040265000190044170000220046070000430048230596BD-RjUL20211209051604.0140410s1976 nyua b 001 0 eng a0030895189 a(BD-RjUL) aDLCcDLCdDLCdBD-RjULbeng aeng00a301.2408bPLA 197604aThe Planning of change /cedited by Warren G. Bennis ... [et al.]. a3rd ed. aNew York :bHolt, Rinehart and Winston,cc1976. aix, 517 p. :bill. ;c24 cm. aFirst-2d editions edited by W. G. Bennis, K. D. Benne, and R. Chin. aIncludes bibliographies and index. 0aSocial change.1 aBennis, Warren G.1 aBennis, Warren G.tPlanning of change.